000 00656nam a2200217Ia 4500
003 OSt
005 20251023145012.0
008 220915b |||||||| |||| 00| 0 eng d
037 _cTB
040 _beng
_aARTS
_cARTS
041 _aeng
084 _aU:65:N5, K1
_qAL
100 _aChurch R J Harrison
_9849338
245 0 _aWest Africa : A study of the environment and of man's use of it
260 _aLondon:
_bLongman,
300 _axxvii,547p
_ccm.
490 _aGeographies for advanced study, ed by S.H. Beaver
650 _aGEOGRAPHY
_9849339
942 _hU:65:N5, K1
_cTB
_2CC
_n0
999 _c99919
_d99919